| 000 | 00557nam a2200193 a 4500 | ||
|---|---|---|---|
| 005 | 20240911064014.0 | ||
| 008 | 991125s1978 mx 000 0 spa u | ||
| 020 | _a9682505879 | ||
| 035 | _aUPN01000005783 | ||
| 049 | _aCG | ||
| 050 | 4 |
_aQH308.2 V5.28 _b1978 |
|
| 100 | 1 | _aVillee, Claude A. | |
| 245 | 1 | 0 |
_aBiología / _cClaude A. Villee ; tr. Roberto Espinosa Zarza |
| 260 |
_aMéxico : _bInteramericana, _c1978 |
||
| 300 |
_a803 p. : _bil. |
||
| 500 | _aTraducción y adaptación de la 7a. ed. en inglés | ||
| 650 | 2 |
_aBiología _94222 |
|
| 905 | _aLibro | ||
| 999 |
_c5783 _d5783 |
||